<?xml version="1.0" encoding="UTF-8"?><?xml-stylesheet type="text/xsl" href="static/style.xsl"?><OAI-PMH xmlns="http://www.openarchives.org/OAI/2.0/" xmlns:xsi="http://www.w3.org/2001/XMLSchema-instance" xsi:schemaLocation="http://www.openarchives.org/OAI/2.0/ http://www.openarchives.org/OAI/2.0/OAI-PMH.xsd"><responseDate>2026-06-05T14:20:52Z</responseDate><request verb="GetRecord" identifier="oai:riuma.uma.es:10630/39895" metadataPrefix="marc">https://riuma.uma.es/rest/oai/request</request><GetRecord><record><header><identifier>oai:riuma.uma.es:10630/39895</identifier><datestamp>2026-02-03T11:11:17Z</datestamp><setSpec>com_10630_2254</setSpec><setSpec>col_10630_37953</setSpec></header><metadata><record xmlns="http://www.loc.gov/MARC21/slim" xmlns:dcterms="http://purl.org/dc/terms/" xmlns:doc="http://www.lyncode.com/xoai" xmlns:xsi="http://www.w3.org/2001/XMLSchema-instance" xsi:schemaLocation="http://www.loc.gov/MARC21/slim http://www.loc.gov/standards/marcxml/schema/MARC21slim.xsd">
   <leader>00925njm 22002777a 4500</leader>
   <datafield ind2=" " ind1=" " tag="042">
      <subfield code="a">dc</subfield>
   </datafield>
   <datafield ind2=" " ind1=" " tag="720">
      <subfield code="a">Moreno-Madrid, Isabel</subfield>
      <subfield code="e">author</subfield>
   </datafield>
   <datafield ind2=" " ind1=" " tag="720">
      <subfield code="a">Romero-Imbroda, Jesús</subfield>
      <subfield code="e">author</subfield>
   </datafield>
   <datafield ind2=" " ind1=" " tag="720">
      <subfield code="a">Reyes-Bueno, José Antonio</subfield>
      <subfield code="e">author</subfield>
   </datafield>
   <datafield ind2=" " ind1=" " tag="720">
      <subfield code="a">Arrabal-Gómez, José Carlos</subfield>
      <subfield code="e">author</subfield>
   </datafield>
   <datafield ind2=" " ind1=" " tag="720">
      <subfield code="a">Díaz-Casares, Amelia</subfield>
      <subfield code="e">author</subfield>
   </datafield>
   <datafield ind2=" " ind1=" " tag="720">
      <subfield code="a">Díaz-Sánchez, Estela</subfield>
      <subfield code="e">author</subfield>
   </datafield>
   <datafield ind2=" " ind1=" " tag="720">
      <subfield code="a">Barbancho-Fernández, Miguel Ángel</subfield>
      <subfield code="e">author</subfield>
   </datafield>
   <datafield ind2=" " ind1=" " tag="720">
      <subfield code="a">Fuxe, Kjell</subfield>
      <subfield code="e">author</subfield>
   </datafield>
   <datafield ind2=" " ind1=" " tag="720">
      <subfield code="a">Borroto Escuela, Dasiel Óscar</subfield>
      <subfield code="e">author</subfield>
   </datafield>
   <datafield ind2=" " ind1=" " tag="720">
      <subfield code="a">Serrano-Castro, Pedro Jesús</subfield>
      <subfield code="e">author</subfield>
   </datafield>
   <datafield ind2=" " ind1=" " tag="720">
      <subfield code="a">Narváez-Peláez, Manuel</subfield>
      <subfield code="e">author</subfield>
   </datafield>
   <datafield ind2=" " ind1=" " tag="260">
      <subfield code="c">2025-07-02</subfield>
   </datafield>
   <datafield ind2=" " ind1=" " tag="520">
      <subfield code="a">Alzheimer’s disease (AD) evolves from a prodromal phase with subtle neuroimmune disturbances to overt&#xd;
cognitive decline and hippocampal neurodegeneration. Detecting these early changes non-invasively remains a critical unmet need. Here we show that the abundance of neuropeptide-Y receptor-type-1 (NPY1R)–based heteroreceptor complexes(NPY1R–GALR2 and NPY1R–TrkB), quantified by proximity ligation assay (PLA), constitutes a peripheral read-out of hippocampal status across two complementary rat models. In an acute AccellsiRNA model that selectively knocked down NPY1R in the cerebroventricular space (8 days post-injection), both heterocomplexes were markedly reduced in the dentate gyrus and in circulating white-blood cells (WBCs), yet hippocampal neurogenesis (doublecortin⁺ cells) and object-in-place memory were still preserved, mimicking the pre-symptomatic/mild cognitive-impairment (MCI) stage of AD. Conversely, in a bilateral olfactory bulbectomy (OBX) model that reproduces chronic AD-like pathology (2 weeks post-surgery), the same heteroreceptor complexes were diminished centrally and peripherally, and this loss co-occurred with impaired object-in-place performance and a 25 % decrease in dentate gyrus neurogenesis. These findings demonstrate that peripheral NPY1R-based heteroreceptor levels mirror hippocampal neuroimmune alterations both before and after the emergence of cognitive and neurogenic deficits. A blood-based PLA assay targeting these complexes could therefore enable ultra-early AD screening, monitor disease progression, and guide the timely initiation of disease-modifying therapies.</subfield>
   </datafield>
   <datafield ind1="8" ind2=" " tag="024">
      <subfield code="a">Moreno-Madrid, I., Romero-Imbroda, J., Reyes-Bueno, J. A., Arrabal-Gómez, C., Díaz-Casares, A., Díaz-Sanchez, E., ... &amp; Narváez, M. (2025). Peripheral expression of NPY1R-based heteroreceptor complexes reflects hippocampal neuroimmune status: Novel biomarkers for early Alzheimer’s disease detection. Biomedicine &amp; Pharmacotherapy, 189, 118332</subfield>
   </datafield>
   <datafield ind1="8" ind2=" " tag="024">
      <subfield code="a">https://hdl.handle.net/10630/39895</subfield>
   </datafield>
   <datafield ind1="8" ind2=" " tag="024">
      <subfield code="a">10.1016/j.biopha.2025.118332</subfield>
   </datafield>
   <datafield tag="653" ind2=" " ind1=" ">
      <subfield code="a">Alzheimer, Enfermedad de</subfield>
   </datafield>
   <datafield tag="653" ind2=" " ind1=" ">
      <subfield code="a">Neuropéptidos</subfield>
   </datafield>
   <datafield tag="653" ind2=" " ind1=" ">
      <subfield code="a">Marcadores bioquímicos</subfield>
   </datafield>
   <datafield tag="653" ind2=" " ind1=" ">
      <subfield code="a">Hipocampo (Cerebro)</subfield>
   </datafield>
   <datafield tag="653" ind2=" " ind1=" ">
      <subfield code="a">Neuroinmunología</subfield>
   </datafield>
   <datafield ind2="0" ind1="0" tag="245">
      <subfield code="a">Peripheral expression of NPY1R-based heteroreceptor complexes reflects hippocampal neuroimmune status: Novel biomarkers for early Alzheimer’s disease detection.</subfield>
   </datafield>
</record>
</metadata></record></GetRecord></OAI-PMH>